[Event "Turkey IS Bank Super League 2017"]
[Site "Darica-Kocaeli"]
[Date "2017.08.03"]
[Round "8"]
[White "Yurtseven, Melih"]
[Black "Ozen, Deniz"]
[Result "1/2-1/2"]
[WhiteElo "2353"]
[BlackElo "2351"]
[Annotator "ChessBase"]
[PlyCount "113"]
[EventType "team-tourn"]
[EventCountry "TUR"]
[TimeControl "40/5400+30:1800+30"]

1. Nf3 {[%emt 0:00:30]} Nf6 {[%emt 0:01:00]} 2. g3 {[%emt 0:00:30]} d5 {[%emt 0:00:30]} 3. Bg2 {[%emt 0:00:30]} c6 {[%emt 0:00:30]} 4. O-O {[%emt 0:00:30]} Bg4 {[%emt 0:00:00]} 5. d4 {[%emt 0:00:00]} Nbd7 {[%emt 0:01:00]} 6. Nbd2 {[%emt 0:00:00]} e6 {[%emt 0:00:30]} 7. Re1 {[%emt 0:00:00]} Be7 {[%emt 0:00:00]} 8. e4 {[%emt 0:03:00]} O-O {[%emt 0:00:00]} 9. c3 {[%emt 0:00:30]} c5 {[%emt 0:10:30]} 10. h3 {[%emt 0:05:30]} Bh5 {[%emt 0:04:30]} 11. exd5 {[%emt 0:04:30]} exd5 {[%emt 0:00:30]} 12. dxc5 {[%emt 0:04:30]} Nxc5 {[%emt 0:02:30]} 13. Nb3 {[%emt 0:00:30]} Nce4 {[%emt 0:08:30]} 14. Nbd4 {[%emt 0:03:30]} Bd6 {[%emt 0:07:30]} 15. Nf5 {[%emt 0:11:30]} Qb6 {[%emt 0:11:30]} 16. Be3 {[%emt 0:08:30]} Qxb2 {[%emt 0:04:30]} 17. Nxd6 {[%emt 0:01:30]} Nxd6 {[%emt 0:01:30]} 18. Bd4 {[%emt 0:02:30]} Nde4 {[%emt 0:04:30]} 19. c4 {[%emt 0:04:30]} Qa3 {[%emt 0:05:30]} 20. g4 {[%emt 0:07:30]} Bg6 {[%emt 0:00:30]} 21. Ne5 {[%emt 0:02:30]} Rad8 {[%emt 0:11:30]} 22. Nxg6 {[%emt 0:04:30]} hxg6 {[%emt 0:00:30]} 23. cxd5 {[%emt 0:00:30]} Rfe8 {[%emt 0:00:30]} 24. Re3 {[%emt 0:04:30]} Qa5 {[%emt 0:03:30]} 25. Qe1 {[%emt 0:12:56]} Qa4 {[%emt 0:03:34]} 26. Bxa7 {[%emt 0:08:12]} Qxa7 {[%emt 0:04:21]} 27. Bxe4 {[%emt 0:00:16]} Re5 {[%emt 0:08:22]} 28. Bg2 {[%emt 0:01:43]} Rxe3 {[%emt 0:00:32]} 29. Qxe3 {[%emt 0:00:04]} Qa5 {[%emt 0:02:53]} 30. Qd4 {[%emt 0:02:05]} Qc7 {[%emt 0:00:29]} 31. Rb1 {[%emt 0:02:29]} Ne8 {[%emt 0:00:26]} 32. Qb6 {[%emt 0:04:50]} Qxb6 {[%emt 0:00:30]} 33. Rxb6 {[%emt 0:00:00]} Nd6 {[%emt 0:00:08]} 34. a4 {[%emt 0:00:03]} Kf8 {[%emt 0:00:00]} 35. a5 {[%emt 0:01:37]} Ke7 {[%emt 0:00:00]} 36. a6 {[%emt 0:00:46]} bxa6 {[%emt 0:00:18]} 37. Rxa6 {[%emt 0:00:30]} g5 {[%emt 0:00:00]} 38. Kh2 {[%emt 0:00:21]} Rb8 {[%emt 0:00:18]} 39. Ra3 {[%emt 0:00:07]} Rb2 {[%emt 0:00:50]} 40. Re3+ {[%emt 0:00:00]} Kd7 {[%emt 0:01:19]} 41. Kg3 {[%emt 0:20:04]} f5 {[%emt 0:02:30]} 42. Re5 {[%emt 0:01:34]} f4+ {[%emt 0:00:30]} 43. Kh2 {[%emt 0:00:29]} Nf7 {[%emt 0:03:30]} 44. Rf5 {[%emt 0:01:59]} Ke7 {[%emt 0:00:30]} 45. h4 {[%emt 0:04:54]} Rxf2 {[%emt 0:03:30]} 46. Kg1 {[%emt 0:00:48]} Rd2 {[%emt 0:00:30]} 47. hxg5 {[%emt 0:00:37]} g6 {[%emt 0:00:30]} 48. Rxf4 {[%emt 0:00:53]} Nxg5 {[%emt 0:00:00]} 49. Ra4 {[%emt 0:00:12]} Nf7 {[%emt 0:01:00]} 50. Ra7+ {[%emt 0:00:41]} Kf6 {[%emt 0:00:30]} 51. Ra6+ {[%emt 0:01:31]} Kg5 {[%emt 0:00:30]} 52. Re6 {[%emt 0:00:08]} Nh6 {[%emt 0:01:30]} 53. d6 {[%emt 0:03:56]} Nxg4 {[%emt 0:01:30]} 54. Bc6 {[%emt 0:00:27]} Nf6 {[%emt 0:01:30]} 55. d7 {[%emt 0:00:30]} Nxd7 {[%emt 0:00:30]} 56. Bxd7 {[%emt 0:00:30]} Rxd7 {[%emt 0:00:00]} 57. Kg2 {[%emt 0:00:00]} 1/2-1/2

[Event "Turkey IS Bank Super League 2017"]
[Site "Darica-Kocaeli"]
[Date "2017.08.03"]
[Round "8"]
[White "Unuk, Laura"]
[Black "Mammadova, Gulnar"]
[Result "0-1"]
[WhiteElo "2343"]
[BlackElo "2357"]
[Annotator "ChessBase"]
[PlyCount "180"]
[EventType "team-tourn"]
[EventCountry "TUR"]
[TimeControl "40/5400+30:1800+30"]

1. d4 {[%emt 0:00:30]} d5 {[%emt 0:01:00]} 2. e4 {[%emt 0:00:30]} e6 {[%emt 0:00:30]} 3. Nd2 {[%emt 0:00:30]} Nf6 {[%emt 0:00:00]} 4. e5 {[%emt 0:00:00]} Nfd7 {[%emt 0:01:00]} 5. Bd3 {[%emt 0:00:00]} c5 {[%emt 0:00:00]} 6. c3 {[%emt 0:00:30]} b6 {[%emt 0:00:00]} 7. Ne2 {[%emt 0:07:30]} Ba6 {[%emt 0:00:00]} 8. Bxa6 {[%emt 0:00:30]} Nxa6 {[%emt 0:00:00]} 9. O-O {[%emt 0:00:30]} Nc7 {[%emt 0:00:00]} 10. Nf3 {[%emt 0:20:30]} Be7 {[%emt 0:01:00]} 11. a4 {[%emt 0:00:30]} a6 {[%emt 0:06:30]} 12. Re1 {[%emt 0:02:30]} c4 {[%emt 0:03:30]} 13. Nf4 {[%emt 0:20:30]} g6 {[%emt 0:02:30]} 14. g3 {[%emt 0:01:30]} b5 {[%emt 0:04:30]} 15. h4 {[%emt 0:03:30]} a5 {[%emt 0:09:30]} 16. axb5 {[%emt 0:09:30]} Nb6 {[%emt 0:02:30]} 17. Ng5 {[%emt 0:00:30]} h6 {[%emt 0:09:30]} 18. Ngh3 {[%emt 0:11:24]} Nxb5 {[%emt 0:04:30]} 19. Qg4 {[%emt 0:06:44]} Kd7 {[%emt 0:04:30]} 20. h5 {[%emt 0:02:23]} g5 {[%emt 0:00:30]} 21. Ne2 {[%emt 0:01:37]} Qg8 {[%emt 0:04:30]} 22. Rf1 {[%emt 0:01:49]} Qh7 {[%emt 0:02:30]} 23. f4 {[%emt 0:00:21]} Qe4 {[%emt 0:06:30]} 24. Nf2 {[%emt 0:02:41]} Qf5 {[%emt 0:01:30]} 25. Qxf5 {[%emt 0:03:13]} exf5 {[%emt 0:00:30]} 26. g4 {[%emt 0:00:02]} gxf4 {[%emt 0:04:30]} 27. gxf5 {[%emt 0:00:30]} Rhg8+ {[%emt 0:00:30]} 28. Kh2 {[%emt 0:00:37]} f3 {[%emt 0:03:30]} 29. Nf4 {[%emt 0:03:02]} Bg5 {[%emt 0:06:30]} 30. N2h3 {[%emt 0:00:25]} Bxf4+ {[%emt 0:00:30]} 31. Nxf4 {[%emt 0:00:12]} Rg5 {[%emt 0:00:00]} 32. e6+ {[%emt 0:00:37]} Ke7 {[%emt 0:02:00]} 33. Ng6+ {[%emt 0:00:48]} fxg6 {[%emt 0:02:30]} 34. Bxg5+ {[%emt 0:00:30]} hxg5 {[%emt 0:00:00]} 35. hxg6 {[%emt 0:00:00]} Kf6 {[%emt 0:02:28]} 36. Rxf3 {[%emt 0:00:18]} Nd6 {[%emt 0:00:00]} 37. Kg2 {[%emt 0:00:00]} Nbc8 {[%emt 0:02:43]} 38. Rh1 {[%emt 0:01:22]} Ne7 {[%emt 0:00:35]} 39. g7 {[%emt 0:00:49]} Ndxf5 {[%emt 0:02:01]} 40. Rh8 {[%emt 0:00:00]} Rg8 {[%emt 0:08:43]} 41. Kh3 {[%emt 0:11:38]} g4+ {[%emt 0:03:30]} 42. Kxg4 {[%emt 0:01:36]} Rxg7+ {[%emt 0:00:30]} 43. Kh3 {[%emt 0:00:30]} Kxe6 {[%emt 0:00:30]} 44. Ra8 {[%emt 0:02:00]} Nc6 {[%emt 0:04:30]} 45. Ra6 {[%emt 0:03:24]} Rh7+ {[%emt 0:03:30]} 46. Kg4 {[%emt 0:05:54]} Nfe7 {[%emt 0:00:30]} 47. Kg3 {[%emt 0:02:11]} Rh8 {[%emt 0:02:30]} 48. Rb6 {[%emt 0:02:07]} Kd7 {[%emt 0:08:26]} 49. Rb7+ {[%emt 0:02:19]} Kc8 {[%emt 0:00:49]} 50. Rb5 {[%emt 0:00:04]} Kc7 {[%emt 0:00:48]} 51. Rf7 {[%emt 0:00:04]} Rd8 {[%emt 0:01:01]} 52. Kf3 {[%emt 0:01:30]} Rd7 {[%emt 0:04:38]} 53. Ke2 {[%emt 0:00:33]} Nd8 {[%emt 0:01:53]} 54. Rf6 {[%emt 0:03:36]} Nb7 {[%emt 0:01:25]} 55. Kd2 {[%emt 0:00:29]} Nc8 {[%emt 0:01:41]} 56. Kc2 {[%emt 0:00:36]} Na7 {[%emt 0:03:50]} 57. Rbb6 {[%emt 0:00:06]} Nd8 {[%emt 0:00:31]} 58. Ra6 {[%emt 0:00:56]} Ndc6 {[%emt 0:00:26]} 59. b3 {[%emt 0:00:31]} Kb7 {[%emt 0:01:48]} 60. Rxa7+ {[%emt 0:00:56]} Nxa7 {[%emt 0:00:30]} 61. bxc4 {[%emt 0:00:30]} dxc4 {[%emt 0:00:30]} 62. Rf5 {[%emt 0:00:00]} Kb6 {[%emt 0:00:00]} 63. Rf6+ {[%emt 0:00:00]} Nc6 {[%emt 0:00:00]} 64. Kb2 {[%emt 0:00:41]} Rd5 {[%emt 0:00:00]} 65. Ka3 {[%emt 0:00:24]} Rh5 {[%emt 0:01:27]} 66. Rg6 {[%emt 0:00:51]} Rb5 {[%emt 0:00:38]} 67. Ka4 {[%emt 0:00:28]} Rb1 {[%emt 0:00:27]} 68. Ka3 {[%emt 0:00:04]} Kc7 {[%emt 0:00:55]} 69. Rg7+ {[%emt 0:00:42]} Kd6 {[%emt 0:00:13]} 70. Rg6+ {[%emt 0:00:03]} Kd7 {[%emt 0:00:59]} 71. Ka4 {[%emt 0:00:56]} Ne7 {[%emt 0:03:02]} 72. Rg5 {[%emt 0:00:26]} Kd6 {[%emt 0:00:37]} 73. Kxa5 {[%emt 0:00:47]} Nd5 {[%emt 0:00:03]} 74. Rg6+ {[%emt 0:00:19]} Kd7 {[%emt 0:00:10]} 75. Rg7+ {[%emt 0:00:23]} Ke6 {[%emt 0:00:16]} 76. Rg6+ {[%emt 0:00:12]} Kf5 {[%emt 0:00:40]} 77. Rc6 {[%emt 0:00:35]} Ne3 {[%emt 0:00:10]} 78. d5 {[%emt 0:01:08]} Rd1 {[%emt 0:00:29]} 79. d6 {[%emt 0:00:28]} Ke5 {[%emt 0:00:31]} 80. Kb5 {[%emt 0:00:36]} Rd5+ {[%emt 0:00:42]} 81. Kb4 {[%emt 0:00:15]} Rxd6 {[%emt 0:00:02]} 82. Rc8 {[%emt 0:00:09]} Ke4 {[%emt 0:00:16]} 83. Kc5 {[%emt 0:00:48]} Rd5+ {[%emt 0:00:08]} 84. Kb4 {[%emt 0:00:03]} Kd3 {[%emt 0:00:03]} 85. Rh8 {[%emt 0:00:37]} Nc2+ {[%emt 0:00:29]} 86. Ka4 {[%emt 0:00:04]} Kxc3 {[%emt 0:00:38]} 87. Rh3+ {[%emt 0:00:50]} Rd3 {[%emt 0:00:05]} 88. Rh4 {[%emt 0:00:22]} Rd8 {[%emt 0:00:52]} 89. Kb5 {[%emt 0:01:04]} Ne3 {[%emt 0:00:13]} 90. Rh3 {[%emt 0:00:40]} Kd3 {[%emt 0:00:07]} 0-1

[Event "Turkey IS Bank Super League 2017"]
[Site "Darica-Kocaeli"]
[Date "2017.08.03"]
[Round "8"]
[White "Gokerkan, Cem Kaan"]
[Black "Nomin-Erdene, Davaademberel"]
[Result "0-1"]
[WhiteElo "2321"]
[BlackElo "2373"]
[Annotator "ChessBase"]
[PlyCount "136"]
[EventType "team-tourn"]
[EventCountry "TUR"]
[TimeControl "40/5400+30:1800+30"]

1. e4 {[%emt 0:01:30]} c6 {[%emt 0:01:00]} 2. Nc3 {[%emt 0:01:30]} d5 {[%emt 0:00:30]} 3. Nf3 {[%emt 0:00:00]} dxe4 {[%emt 0:00:30]} 4. Nxe4 {[%emt 0:00:00]} Nf6 {[%emt 0:00:00]} 5. Nxf6+ {[%emt 0:00:30]} exf6 {[%emt 0:00:00]} 6. Bc4 {[%emt 0:02:30]} Bd6 {[%emt 0:00:00]} 7. Qe2+ {[%emt 0:00:00]} Be7 {[%emt 0:00:00]} 8. h3 {[%emt 0:09:00]} O-O {[%emt 0:00:30]} 9. d4 {[%emt 0:00:30]} Re8 {[%emt 0:07:30]} 10. O-O {[%emt 0:08:30]} Bd6 {[%emt 0:07:30]} 11. Be3 {[%emt 0:01:30]} Nd7 {[%emt 0:00:30]} 12. Rfe1 {[%emt 0:13:30]} Nb6 {[%emt 0:09:30]} 13. Bb3 {[%emt 0:00:30]} Nd5 {[%emt 0:00:30]} 14. Qd3 {[%emt 0:01:30]} Nxe3 {[%emt 0:07:30]} 15. Rxe3 {[%emt 0:00:30]} Rxe3 {[%emt 0:03:30]} 16. Qxe3 {[%emt 0:00:30]} Bd7 {[%emt 0:00:30]} 17. Re1 {[%emt 0:03:30]} Qa5 {[%emt 0:03:30]} 18. c3 {[%emt 0:06:30]} Re8 {[%emt 0:07:30]} 19. Qd2 {[%emt 0:07:30]} Rxe1+ {[%emt 0:02:30]} 20. Nxe1 {[%emt 0:02:30]} Bb8 {[%emt 0:00:30]} 21. Qe3 {[%emt 0:02:30]} Kf8 {[%emt 0:01:30]} 22. Bc4 {[%emt 0:11:30]} b5 {[%emt 0:16:30]} 23. Bb3 {[%emt 0:00:30]} Qc7 {[%emt 0:00:00]} 24. Nf3 {[%emt 0:01:30]} Bf5 {[%emt 0:00:00]} 25. a3 {[%emt 0:12:28]} g5 {[%emt 0:04:30]} 26. Bd1 {[%emt 0:03:48]} h5 {[%emt 0:01:30]} 27. Kf1 {[%emt 0:00:01]} Bg6 {[%emt 0:08:27]} 28. Be2 {[%emt 0:00:30]} Qd6 {[%emt 0:02:25]} 29. Bd3 {[%emt 0:01:14]} Qd5 {[%emt 0:01:59]} 30. Bxg6 {[%emt 0:03:09]} fxg6 {[%emt 0:00:05]} 31. Qd3 {[%emt 0:00:07]} Kf7 {[%emt 0:01:08]} 32. Nd2 {[%emt 0:00:08]} Bf4 {[%emt 0:04:05]} 33. Ne4 {[%emt 0:02:23]} f5 {[%emt 0:04:10]} 34. Nc5 {[%emt 0:00:02]} Bd6 {[%emt 0:00:53]} 35. Nb7 {[%emt 0:01:56]} Be7 {[%emt 0:00:17]} 36. Na5 {[%emt 0:01:30]} Bd8 {[%emt 0:05:13]} 37. c4 {[%emt 0:01:18]} bxc4 {[%emt 0:00:43]} 38. Nxc4 {[%emt 0:00:30]} Bf6 {[%emt 0:00:00]} 39. Ne3 {[%emt 0:01:11]} Qxd4 {[%emt 0:00:15]} 40. Qb3+ {[%emt 0:00:00]} Ke7 {[%emt 0:03:20]} 41. Nc4 {[%emt 0:07:15]} Qd5 {[%emt 0:04:30]} 42. Kg1 {[%emt 0:03:30]} Bd4 {[%emt 0:06:30]} 43. Qb7+ {[%emt 0:03:36]} Kf6 {[%emt 0:00:30]} 44. Ne3 {[%emt 0:06:48]} Qc5 {[%emt 0:04:33]} 45. Qh7 {[%emt 0:01:46]} f4 {[%emt 0:01:17]} 46. Nd1 {[%emt 0:02:18]} g4 {[%emt 0:02:16]} 47. hxg4 {[%emt 0:00:46]} hxg4 {[%emt 0:00:04]} 48. Qh8+ {[%emt 0:08:12]} Kf7 {[%emt 0:01:51]} 49. Qh7+ {[%emt 0:00:34]} Bg7 {[%emt 0:01:38]} 50. Qh4 {[%emt 0:00:01]} Qh5 {[%emt 0:00:20]} 51. Qd8 {[%emt 0:00:27]} g3 {[%emt 0:00:17]} 52. fxg3 {[%emt 0:00:25]} fxg3 {[%emt 0:00:39]} 53. Qd7+ {[%emt 0:01:25]} Kg8 {[%emt 0:00:34]} 54. Qe6+ {[%emt 0:00:20]} Kh7 {[%emt 0:01:09]} 55. Ne3 {[%emt 0:00:46]} Bxb2 {[%emt 0:03:36]} 56. Qxc6 {[%emt 0:00:27]} Bg7 {[%emt 0:04:15]} 57. Qd7 {[%emt 0:00:14]} Qe5 {[%emt 0:00:51]} 58. Qh3+ {[%emt 0:00:42]} Kg8 {[%emt 0:00:30]} 59. Qc8+ {[%emt 0:00:30]} Bf8 {[%emt 0:00:00]} 60. Qc4+ {[%emt 0:01:30]} Kg7 {[%emt 0:00:00]} 61. Qd3 {[%emt 0:00:10]} Bc5 {[%emt 0:01:17]} 62. Qd7+ {[%emt 0:00:06]} Kh6 {[%emt 0:00:00]} 63. Qh3+ {[%emt 0:00:44]} Kg5 {[%emt 0:00:22]} 64. Qg4+ {[%emt 0:00:30]} Kf6 {[%emt 0:00:00]} 65. Qh4+ {[%emt 0:00:00]} Ke6 {[%emt 0:00:27]} 66. Qg4+ {[%emt 0:00:22]} Ke7 {[%emt 0:00:30]} 67. Qh4+ {[%emt 0:00:00]} Ke8 {[%emt 0:00:00]} 68. Kh1 {[%emt 0:00:41]} Qa1+ {[%emt 0:00:02]} 0-1

[Event "Turkey IS Bank Super League 2017"]
[Site "Darica-Kocaeli"]
[Date "2017.08.03"]
[Round "8"]
[White "Agdelen, Huseyin Can"]
[Black "Tirak, Mert"]
[Result "1-0"]
[WhiteElo "2309"]
[BlackElo "1909"]
[Annotator "TA"]
[PlyCount "95"]
[EventType "team-tourn"]
[EventCountry "TUR"]

{[%evp 10,95,60,46,71,0,31,6,36,36,36,33,37,33,39,10,7,7,10,0,0,-5,10,0,0,-6,6,0,0,0,0,-11,9,8,28,23,39,19,53,49,47,38,50,56,50,47,97,78,121,117,116,109,114,86,87,79,136,123,128,72,123,109,179,166,168,153,148,144,148,112,241,238,233,217,307,298,29974,29975,29968,29967,29987,29988,29988,29989,29989,29989,29995,29996]} 1. e4 {[%cal Be2e4,Be4e5][%mdl 32]} g6 2. d4 Bg7 3. Nc3 c6 4. Nf3 Nf6 5. e5 Nd5 6. Ne4 {LiveBook: 5 Games. B06: Modern Defence} d6 7. Be2 ({White should play} 7. c4 $16) (7. c4 Nc7 8. exd6 exd6 9. Bg5 f6 10. Bf4 O-O 11. Nxd6 Bg4 12. c5 Nd5 13. Bc4 {1-0 (38) Moiseenko,A (2657)-Solovchuk,A (2409) Rivne 2016}) 7... O-O 8. O-O {White is slightly better.} (8. c4 $5 {[%cal Rc4d5]} Nb6 9. O-O $14) 8... Bg4 $146 ({Find the theoretical novelty and annotate with similar games:} 8... f5 9. exf6 exf6 10. c4 Re8 11. Ng3 Nb6 12. Bf4 Be6 13. Rc1 g5 14. Be3 d5 {1-0 (38) Garnier,P (1518)-Van Niekerk,J (1038) IECC email 2001}) 9. exd6 exd6 10. h3 Bxf3 11. Bxf3 Nf6 12. Ng3 d5 13. c3 Nbd7 {[%cal Bb8d7,Bd7f8,Bf8e6][%mdl 32]} 14. Bg5 Re8 15. Qc2 Qb6 16. h4 Nf8 17. a4 a5 18. Rab1 Ne6 19. Be3 Qc7 20. Ne2 Nd7 21. g3 Nb6 22. b3 Nd7 23. Kg2 Rac8 24. h5 Nf6 25. Nf4 Nxf4+ 26. Bxf4 Qd7 27. hxg6 fxg6 28. b4 b6 29. bxa5 bxa5 30. Rb6 Ne4 31. Rfb1 Qf5 32. Bxe4 dxe4 (32... Rxe4 $142 33. Qd2 Bf6) 33. Qe2 $16 Qd5 34. Qe3 (34. Be3 $142) 34... Rf8 (34... Bf6 $142) 35. Rb7 Rf7 (35... Bf6 $16) 36. Rxf7 $18 Kxf7 37. Rb7+ Kg8 38. Re7 c5 39. Be5 (39. Qxe4 $6 Qxe4+ 40. Rxe4 cxd4 $14) (39. Rxe4 $6 cxd4 40. cxd4 Re8 $11) 39... Bxe5 (39... Bf8 $16 {was called for.} 40. Ra7 cxd4 41. cxd4 (41. Qxd4 Rc5 $16) 41... Rc4) 40. Rxe5 (40. dxe5 $6 Rf8 $16) 40... cxd4 41. cxd4 $16 {[%mdl 4096] Endgame KQR-KQR} ({Stronger than} 41. Rxd5 dxe3 42. fxe3 Rxc3 $11) 41... Qc4 (41... Qf7 $142 42. Qxe4 (42. Rxa5 Rf8 $16) 42... Rf8) 42. Qxe4 $18 Qxa4 $2 {[#]} (42... Qa6 $18 43. Rb5 Rd8) 43. Qd5+ $1 {White mates.} Kh8 44. Re6 Rf8 45. Re7 Rxf2+ 46. Kxf2 Qc2+ 47. Re2 Qd3 48. Re8+ {Precision: White = 58%, Black = 25%.} 1-0

[Event "Turkey IS Bank Super League 2017"]
[Site "Darica-Kocaeli"]
[Date "2017.08.03"]
[Round "8"]
[White "Secer, Ata"]
[Black "Yilmazyerli, Mert"]
[Result "1-0"]
[WhiteElo "2301"]
[BlackElo "2459"]
[Annotator "TA"]
[PlyCount "83"]
[EventType "team-tourn"]
[EventCountry "TUR"]

{[%evp 21,83,4,43,0,0,0,29,-14,10,0,36,47,33,30,84,83,83,87,83,91,95,92,140,139,128,136,131,131,189,175,191,180,306,285,276,283,349,135,143,123,243,210,235,202,358,356,400,439,540,524,583,581,607,618,595,577,593,554,742,735,1160,1154,5539,5251]} 1. e4 g6 2. d4 Bg7 3. Nf3 d6 4. Bc4 Nf6 5. Qe2 O-O 6. O-O Bg4 7. c3 {B06: Modern Defence} Nc6 8. h3 Bxf3 9. Qxf3 e5 10. Rd1 Nd7 11. Be3 Kh8 {LiveBook: 8 Games} (11... Qe7 12. Na3 Nb6 13. Bb5 f5 14. Bxc6 bxc6 15. exf5 e4 16. f6 Rxf6 {0-1 (61) Bacrot,E (2718)-Ponomariov,R (2714) Beijing 2014}) 12. Na3 f5 13. exf5 gxf5 $146 ({Find the theoretical novelty and annotate with similar games:} 13... Rxf5 14. Qe2 exd4 15. cxd4 {½-½ (63) Ernst,T (2471)-Hillarp Persson,T (2460) Skara 2002}) 14. dxe5 Ndxe5 (14... f4 $5 15. Bd4 (15. Bxf4 Bh6 $17) 15... Ndxe5 16. Bxe5 Nxe5 $11) 15. Qg3 Qf6 {[#] White must now prevent ...f4.} 16. Bg5 Qg6 17. Bd5 $36 {[%mdl 2048] White has the initiative.} Bh6 (17... a6 $11 {remains equal.}) 18. Bxh6 $16 Qxh6 {[#]} 19. f4 $1 {[%cal Rf4e5]} Ng6 20. Rf1 Rae8 21. Rae1 Nd8 22. Rxe8 Rxe8 23. Nb5 Qg7 24. Nd4 ({Don't do} 24. Nxa7 $6 c6 $14) 24... Ne7 (24... Qf6 $16) 25. Qxg7+ Kxg7 26. Re1 Kf6 (26... Kf8 $142) 27. g4 $18 fxg4 28. hxg4 Kg7 29. Ne6+ $2 (29. Nb5 $18 {is more deadly.}) 29... Nxe6 $16 30. Rxe6 {[%mdl 4096] Endgame KRB-KRN} c6 (30... Kf7 $16 31. Rxd6+ Nxd5 32. Rxd5 Re2) 31. Be4 d5 32. Bd3 h6 $2 (32... d4 33. cxd4 Kf8) 33. Kf2 $18 a6 34. f5 {[%cal Bf4f5,Bf5f6][%mdl 32]} Kf7 {White is clearly winning.} 35. Rxh6 Ng8 36. Rh7+ Kf6 37. Kf3 {Threatening mate with Kf4.} Ke5 38. g5 b5 39. f6 Rf8 40. Rh8 Ke6 41. Kf4 Re8 42. Bg6 {Precision: White = 76%, Black = 16%.} 1-0

[Event "Turkey IS Bank Super League 2017"]
[Site "Darica-Kocaeli"]
[Date "2017.08.03"]
[Round "8"]
[White "Ozturk, Kubra"]
[Black "Atalik, Ekaterina"]
[Result "1/2-1/2"]
[WhiteElo "2298"]
[BlackElo "2445"]
[Annotator "TA"]
[PlyCount "79"]
[EventType "team-tourn"]
[EventCountry "TUR"]

{[%evp 13,79,11,18,7,20,29,26,34,31,31,34,37,43,32,32,7,0,0,-9,-19,-8,-19,26,22,26,32,26,13,19,30,36,38,34,23,55,53,68,60,73,71,81,83,75,49,48,35,47,47,47,47,42,1,1,4,14,1,47,47,29,43,48,56,57,0,59,0,55,0]} 1. d4 d5 2. c4 e6 3. Nf3 Nf6 4. g3 Bb4+ 5. Bd2 Bd6 6. Bg2 c6 7. Qc2 O-O 8. O-O {D30: Queen's Gambit Declined: Systems without Nc3} Ne4 (8... Nbd7 9. Rd1 Qe7 10. Nc3 dxc4 11. Bg5 h6 12. Bxf6 Nxf6 {½-½ (31) Dominguez Perez,L (2736)-Kryvoruchko,Y (2697) Linares 2015}) 9. Ne5 $146 ({Predecessor:} 9. Bf4 Bxf4 10. gxf4 Nd7 11. Nc3 Nd6 12. c5 Nf5 {½-½ (34) Beliavsky,A (2597)-Hambleton,A (2434) Reykjavik 2017}) 9... Nxd2 10. Nxd2 {White has an edge.} Nd7 11. Nd3 Nf6 12. b4 Qe7 13. Rab1 Rd8 14. b5 (14. c5 $5 {[%cal Rc5d6]} Bc7 15. b5 $14) 14... cxb5 15. Rxb5 b6 16. Rbb1 Rb8 17. Rfe1 Ba6 18. Qa4 Bxc4 19. Nxc4 dxc4 20. Qxc4 Rbc8 21. Qa6 Rc3 22. Rb3 Rxb3 23. axb3 Bb8 24. Qc4 a5 25. Rc1 Qd7 26. Ne5 Bxe5 27. dxe5 Ne8 28. Qc3 g6 29. Bc6 Qe7 30. Qe3 Rb8 31. Kg2 Nc7 32. Rd1 {[#] Threatens to win with Rd7.} Na6 33. Rd6 Nc5 34. h4 Kg7 35. Bf3 h6 36. Qc3 Na6 37. Qd3 Nc5 38. Qc3 Na6 39. Qd3 (39. Qc4 $5 {[%cal Rc4a6]} Nc5 40. e3 $14) 39... Nc5 40. Qc3 {Precision: White = 60%, Black = 70%.} ({White should play} 40. Qc4 $14) 1/2-1/2

[Event "Turkey IS Bank Super League 2017"]
[Site "Darica-Kocaeli"]
[Date "2017.08.03"]
[Round "8"]
[White "Ozates, Tuna"]
[Black "Unat, Can Haktan"]
[Result "1/2-1/2"]
[WhiteElo "2291"]
[BlackElo "2006"]
[Annotator "TA"]
[PlyCount "76"]
[EventType "team-tourn"]
[EventCountry "TUR"]

{[%evp 11,76,25,47,24,50,29,11,30,20,24,25,16,36,-28,47,48,32,49,37,45,76,65,116,114,132,153,130,121,119,0,0,0,0,0,0,-27,10,0,0,0,0,-23,0,0,0,0,22,0,4,4,7,0,0,0,0,0,0,0,0,0,0,0,0,0,0,0,0]} 1. e4 c5 2. Nf3 e6 3. d4 cxd4 4. Nxd4 Nc6 5. Nc3 Qc7 6. Be3 a6 7. Qf3 {B48: Sicilian: Taimanov: 5 Nc3 Qc7 6 Be3 a6 without Be2} (7. Qd2 Nf6 8. O-O-O Be7 9. f4 b5 10. e5 b4 11. exf6 bxc3 12. Qxc3 Bxf6 13. g4 h6 14. h4 Bb7 15. Rh2 Rc8 16. Qd2 Nxd4 17. Bxd4 Bxd4 18. Qxd4 {½-½ (49) Jakovenko,D (2703)-Inarkiev,E (2707) Geneve 2017}) 7... d6 8. O-O-O Bd7 9. g4 b5 10. Nxc6 Bxc6 11. Bd3 Nf6 12. Rhe1 $146 (12. Bd4 $14) ({Find the theoretical novelty and annotate with similar games:} 12. g5 Nd7 13. Kb1 Ne5 14. Qg2 b4 {1-0 (31) Konguvel,P (2379)-Venkatesh,M (2445) Pardubice 2016}) 12... Nd7 (12... Be7 $11) 13. Nd5 $1 $36 {[%cal Rd5c7][%mdl 2048] White fights for an advantage.} Qb7 {[#] Threatens to win with ...Ne5.} 14. Bd4 Ne5 15. Qg3 Nd7 16. f4 O-O-O (16... a5 $14) 17. Nb4 $16 Nc5 18. Nxc6 Qxc6 19. Kb1 f6 20. e5 (20. c4 $16) 20... dxe5 $11 21. Bxc5 exf4 $1 22. Qxf4 Bxc5 23. a4 Rd4 24. axb5 axb5 25. Qf1 Rhd8 26. Bxh7 Rxd1+ (26... Ra4 {feels hotter.} 27. Rxd8+ Kxd8 28. c3 Qa6 29. Kc2 Ra2) 27. Rxd1 {The position is equal.} Rxd1+ 28. Qxd1 Qd5 29. Bd3 Bd6 30. h4 Be5 31. Qe2 Qh1+ 32. Ka2 Qa8+ 33. Kb1 Qh1+ 34. Ka2 Qa8+ 35. Kb1 Qh1+ 36. Ka2 Qa8+ 37. Kb1 Qh1+ 38. Ka2 Qa8+ {Precision: White = 57%, Black = 59%.} 1/2-1/2